Welcome to the Holygrace Academy Library

Please use search bar below to get started

THE CAP-SELLER AND THE MONKEYS (Record no. 8933)

MARC details
000 -LEADER
fixed length control field 00340nam a22001337a 4500
082 ## - DEWEY DECIMAL CLASSIFICATION NUMBER
Classification number 13635
100 ## - MAIN ENTRY--AUTHOR NAME
Personal name SEBASTIAN, B O
245 ## - TITLE STATEMENT
Title THE CAP-SELLER AND THE MONKEYS
246 ## - VARYING FORM OF TITLE
Title proper/short title THE CAP-SELLER AND THE MONKEYS
Remainder of title THE CAP-SELLER AND THE MONKEYS
260 ## - PUBLICATION, DISTRIBUTION, ETC. (IMPRINT)
Place of publication THRISSUR
Name of publisher H & C
Year of publication 2024
300 ## - PHYSICAL DESCRIPTION
Number of Pages 16
650 ## - SUBJECT ADDED ENTRY--TOPICAL TERM
Topical Term ENGLISH STORIES
942 ## - ADDED ENTRY ELEMENTS (KOHA)
Koha item type Books
Holdings
Withdrawn status Lost status Collection code Home library Current library Shelving location Date acquired Source of acquisition Cost, normal purchase price Full call number Accession Number Koha item type
    Fiction Main Library Main Library SHELF 4-D MYTHOLOGY 06/05/2024 PURCHASED 30.00 13635 13635 Books